000 00699cam a22001815a 4500
001 ##J100670
008 000000s1902 000 0 eng u
035 _a(Sirsi) u100670
041 0 _aeng
050 0 4 _a942.273 $2 22
110 2 _aAuctioneers' Institute of the United Kingdom
_93785
245 0 0 _aAutumn provincial meeting at Exeter on Wednesday 9th, Thursday 10th and Friday 11th September, 1903
260 _a[S.l.]
_b[s.n.]
_c1902
300 _a16p.
_bill
_bmap
_c10cm.
520 _aPamphlet outlining the list of committee members; objectives of the institution; qualifications and admission of members; general arrangements, and itinerary.
690 _aAuctioneering
_96218
942 _n0
999 _c99746
_d99746